000 00531nam a2200193Ia 4500
005 20250508150247.0
008 008 250505s9999 xx 000 0 eng d
037 _aTextual
040 _aFEDL
_beng
_cFEDL
041 _aeng
_2eng
084 _a301.1582, BON
_qFEDL
100 _aBon Gustave Le
_9280647
245 0 _aCrowd : A study of the popular mind
260 _aLondon, UK
_bErnest Benn Limited
300 _a207p.
650 _aSociology
942 _cTEXL
_h301.1582, BON
999 _c1322695
_d1322695